000 00431nam a22001337a 4500
008 151106b xxu||||| |||| 00| 0 eng d
050 _aPN203.C455
100 _aChapman Raymond
_920999
245 _aLinguistics and literature:
_ban introduction to literary stylistics
_c/by Raymond Chapman
260 _aLondon
_bEdward Arnold
_c1973
300 _a120p. ;
_e20cm.
650 _aStyle, literacy
_921000
942 _2lcc
_cMONOGRAPH
999 _c123763
_d123763